Städte in Thüringen und Sachsen-Anhalt - Bilderquiz - Statistiken

Allgemein
  • Dieses Quiz wurde 48 mal gespielt
  • Das Durchschnittsergebnis liegt bei 9 aus 20
Antwortstatistiken
Bildquiz Antwort % Korrekt
Erfurt
88%
Jena
86%
Magdeburg
81%
Weimar
81%
Halle
74%
Dessau-Roßlau
70%
Eisenach
65%
Wittenberg
47%
Quedlinburg
42%
Gotha
33%
Naumburg
33%
Halberstadt
28%
Gera
26%
Merseburg
26%
Stendal
26%
Nordhausen
23%
Mühlhausen
21%
Suhl
16%
Köthen
14%
Werningerode
0%
Keine übereinstimmenden Quizze gefunden
Verteilung der Resultate
Anzahl Personen mit jedem Resultat
Perzentil nach korrekt beantworteten Fragen
Ihre Resultats-Entwicklung
Sie haben dieses Quiz noch nicht gespielt